<?xml version="1.0" encoding="UTF-8"?><?xml-stylesheet type="text/xsl" href="static/style.xsl"?><OAI-PMH xmlns="http://www.openarchives.org/OAI/2.0/" xmlns:xsi="http://www.w3.org/2001/XMLSchema-instance" xsi:schemaLocation="http://www.openarchives.org/OAI/2.0/ http://www.openarchives.org/OAI/2.0/OAI-PMH.xsd"><responseDate>2026-06-06T04:54:53Z</responseDate><request verb="GetRecord" identifier="oai:riuma.uma.es:10630/28839" metadataPrefix="marc">https://riuma.uma.es/rest/oai/request</request><GetRecord><record><header><identifier>oai:riuma.uma.es:10630/28839</identifier><datestamp>2026-02-03T10:50:41Z</datestamp><setSpec>com_10630_2254</setSpec><setSpec>col_10630_37953</setSpec></header><metadata><record xmlns="http://www.loc.gov/MARC21/slim" xmlns:dcterms="http://purl.org/dc/terms/" xmlns:doc="http://www.lyncode.com/xoai" xmlns:xsi="http://www.w3.org/2001/XMLSchema-instance" xsi:schemaLocation="http://www.loc.gov/MARC21/slim http://www.loc.gov/standards/marcxml/schema/MARC21slim.xsd">
   <leader>00925njm 22002777a 4500</leader>
   <datafield ind2=" " ind1=" " tag="042">
      <subfield code="a">dc</subfield>
   </datafield>
   <datafield ind2=" " ind1=" " tag="720">
      <subfield code="a">Simancas-González, Esther</subfield>
      <subfield code="e">author</subfield>
   </datafield>
   <datafield ind2=" " ind1=" " tag="720">
      <subfield code="a">García-López, Marcial</subfield>
      <subfield code="e">author</subfield>
   </datafield>
   <datafield ind2=" " ind1=" " tag="720">
      <subfield code="a">Arévalo Salinas, Alex Iván</subfield>
      <subfield code="e">author</subfield>
   </datafield>
   <datafield ind2=" " ind1=" " tag="720">
      <subfield code="a">Bustos Diaz, Javier</subfield>
      <subfield code="e">author</subfield>
   </datafield>
   <datafield ind2=" " ind1=" " tag="260">
      <subfield code="c">2023-07-15</subfield>
   </datafield>
   <datafield ind2=" " ind1=" " tag="520">
      <subfield code="a">Tras más de una década del 15M, resulta pertinente evaluar las&#xd;
claves de las actuales formas de activismo ciudadano. Esta investigación analiza&#xd;
los elementos creativos y discursivos de las campañas de la iniciativa ‘Vota, por&#xd;
favor’ en Instagram, incluyendo indicadores para evaluar la capacidad transformadora&#xd;
de la comunicación. El análisis de contenido implementado ha permitido&#xd;
comprobar, a nivel de intertextualidad, la relevancia que tienen los referentes&#xd;
de la cultura popular como ejes vertebradores de las propuestas visuales&#xd;
compartidas, que de forma reivindicativa y humorística apelan al voto y luchan&#xd;
contra la abstención en los últimos comicios generales, europeos y autonómicos&#xd;
en el estado español, en 2019, para frenar la irrupción de la extrema derecha&#xd;
en el sistema político del país. Se observa, por otra parte, una evolución en&#xd;
las campañas y carteles de ‘Vota, por favor’, que muestra un alejamiento de las&#xd;
claves comunicacionales del 15M hacia una réplica del contexto de polarización&#xd;
del mensaje político.</subfield>
   </datafield>
   <datafield ind1="8" ind2=" " tag="024">
      <subfield code="a">Simancas González, E., García López, M., Arévalo Salinas, Álex I., &amp; Bustos Díaz, J. (2023). Activismo ciudadano en la Red más de diez años Después del 15m. El caso de ‘vota, por favor’. index.Comunicación, 13(2), 225–243. https://doi.org/10.33732/ixc/13/02Activi</subfield>
   </datafield>
   <datafield ind1="8" ind2=" " tag="024">
      <subfield code="a">https://hdl.handle.net/10630/28839</subfield>
   </datafield>
   <datafield ind1="8" ind2=" " tag="024">
      <subfield code="a">10.33732/ixc/13/02Activi</subfield>
   </datafield>
   <datafield tag="653" ind2=" " ind1=" ">
      <subfield code="a">Medios sociales</subfield>
   </datafield>
   <datafield tag="653" ind2=" " ind1=" ">
      <subfield code="a">Comunicación - Aspectos sociales</subfield>
   </datafield>
   <datafield ind2="0" ind1="0" tag="245">
      <subfield code="a">Activismo ciudadano en la red más de diez años después del 15m. El caso de ‘Vota, por favor’.</subfield>
   </datafield>
</record>
</metadata></record></GetRecord></OAI-PMH>